000 00446cam a22001337a 4500
008 180718b1998 xxu||||| |||| 00| 0 eng d
082 _aA2x54 Si64/98
245 _aIndian books in print 1998: a bibliography of Indian books published in English language
_cedited by Sher Singh and Bhawna
260 _aDelhi
_bIndian Bibliographies Bureau
_c1998
300 _a1123p.
650 _aIndia - Bibliograpgy
700 _aBhawna
700 _aSingh, Sher
999 _c386962
_d386962